| 000 | 008100000a22002410004500 | ||
|---|---|---|---|
| 090 | _aSERIADAS | ||
| 100 | 1 |
_aSierra, María T. _9100684 |
|
| 700 | 1 |
_aPatiño, Miguel _9100685 |
|
| 245 | 1 | 0 |
_aDiversidad íctica de la pesca en la zona de influencia del municipio de Puerto Inírida, Guainía _slista de especies y distribución |
| 044 | _aColombia | ||
| 041 | 0 | _aEspañol | |
| 690 |
_aInventarios de peces _997463 |
||
| 690 |
_aPeces _992349 |
||
| 690 |
_aMyliobatiformes _9100686 |
||
| 690 |
_aClupeiformes _9100687 |
||
| 690 |
_aChariciformes _9100688 |
||
| 690 |
_aSiluriformes _996870 |
||
| 690 |
_aGymnotiformes _9100689 |
||
| 690 |
_aPerciformes _9100690 |
||
| 651 | 4 |
_dGuainía _992749 |
|
| 942 | _cARTICULO | ||
| 773 | 1 |
_tDahlia _kRevista de la Asociación Colombiana de Ictiólogos _h10 _q57-63 _d2008 |
|
| 999 |
_c16371 _d16371 |
||